000 00382nam a22001697a 4500
005 20160616113604.0
008 160616b xxu||||| |||| 00| 0 eng d
020 _a81-203-2425
041 _aeng
082 _b7945
100 _aCharunilam, Francis
_92079
245 _aInternational business
260 _bPHI
_c2001
300 _a785
650 _aManagement
_9241
942 _cBK
999 _c2914
_d2913